[Event "Titled Tue 1st Jul Late"]
[Site "chess.com INT"]
[Date "2025.07.01"]
[Round "11"]
[White "Tabatabaei, M. Amin"]
[Black "Gasparyan, Erik R."]
[Result "0-1"]
[WhiteTitle "GM"]
[BlackTitle "IM"]
[WhiteElo "2655"]
[BlackElo "2372"]
[WhiteFideId "12521213"]
[BlackFideId "13315730"]
[EventDate "2025.07.01"]

1. e4 c6 2. Nf3 d5 3. Nc3 dxe4 4. Nxe4 Nf6 5. Qe2 Nxe4 6. Qxe4 Nd7 7. d4 Nf6 8.
Qd3 g6 9. Be2 Bf5 10. Qb3 Qb6 11. c3 Bg7 12. O-O O-O 13. h3 Nd7 14. Be3 Qxb3 15.
axb3 a6 16. b4 e5 17. Rfd1 Rfe8 18. Ra5 e4 19. Ng5 Nf6 20. Bc4 Nd5 21. g4 Bc8
22. Rxd5 cxd5 23. Bxd5 Re7 24. Nxe4 Be6 25. Bxe6 Rxe6 26. Nc5 Re7 27. d5 b6 28.
d6 Rea7 29. Na4 Rb7 30. Bxb6 Bf6 31. d7 Bd8 32. Bxd8 Rxd8 33. Nc5 Ra7 34. Kg2
Kf8 35. Kf3 Rc7 36. Ra1 Rc6 37. Ke4 Ke7 38. Kd5 Rf6 39. f4 h6 40. Re1+ Kf8 41.
Ke5 Rb6 42. Rd1 Ke7 43. f5 gxf5 44. gxf5 Ra8 45. Re1 Kd8 46. Kd5 Kc7 47. Ra1 Rd8
48. Kc4 Rc6 49. Kb3 Rb6 50. Re1 Ra8 51. Re8 Rd8 52. Re7 a5 53. Rxf7 axb4 54.
cxb4 Rdb8 55. Kc3 Rc6 56. Kd3 Rd6+ 57. Ke3 Kc6 58. Ne4 Rxd7 59. Rf6+ Kd5 60.
Rxh6 Re7 61. Re6 Rxe6 62. fxe6 Kxe6 63. Nc5+ Kd5 64. Nd3 Kc4 65. Ke4 Re8+ 66.
Ne5+ Kxb4 67. Kf4 Rh8 68. Kg4 Kb3 69. Nd3 Rg8+ 70. Kf3 Kc2 71. Nf2 Rf8+ 72. Kg3
Kxb2 73. Ng4 Kc3 74. h4 Kd4 75. h5 Ke4 76. Kh4 Kf5 77. h6 Ra8 78. Kh5 Ra1 79.
Ne3+ Kf6 80. Nd5+ Kf7 81. Kg5 Ra5 82. h7 Rxd5+ 0-1

[Event "Titled Tue 1st Jul Late"]
[Site "chess.com INT"]
[Date "2025.07.01"]
[Round "11"]
[White "Carlsen, Magnus"]
[Black "Maghsoodloo, Parham"]
[Result "0-1"]
[WhiteTitle "GM"]
[BlackTitle "GM"]
[WhiteElo "2837"]
[BlackElo "2691"]
[WhiteFideId "1503014"]
[BlackFideId "12539929"]
[EventDate "2025.07.01"]

1. c4 e5 2. g3 Nf6 3. Bg2 d5 4. cxd5 Nxd5 5. Nc3 Nxc3 6. bxc3 Bd6 7. Nf3 O-O 8.
d3 Nc6 9. O-O h6 10. Nd2 Re8 11. Rb1 Na5 12. Qa4 c6 13. c4 Bd7 14. Ne4 b5 15.
Qc2 Bf8 16. Bd2 Rc8 17. Rfc1 Nb7 18. Be3 a5 19. Qb2 Nd6 20. Nc5 Bf5 21. cxb5
cxb5 22. h3 h5 23. a3 Bg6 24. Nb3 Rxc1+ 25. Rxc1 e4 26. Qd2 exd3 27. exd3 Nf5
28. Bg5 Qd6 29. Nxa5 Qxa3 30. Nc6 b4 31. Bf4 b3 32. Bd5 Ne7 33. Nxe7+ Bxe7 34.
Rb1 b2 35. Rxb2 Qxd3 36. Qxd3 Bxd3 37. Rb7 Bg6 38. h4 Bf6 39. Rb5 Re1+ 40. Kg2
Rb1 41. Ra5 Bc3 42. Ra6 Kh7 43. Be3 Rd1 44. Bf3 Rd8 45. Ra4 Be5 46. Ra5 f6 47.
Rb5 Rb8 48. Ra5 Rb2 49. Ra7 Rc2 50. Kg1 Rb2 51. Bc5 Rb1+ 52. Kg2 Rb8 53. Be2 Rc8
54. Be3 Be4+ 55. Kf1 Bg6 56. Ra5 Rb8 57. f4 Rb1+ 58. Kf2 Bc3 59. Rc5 Be1+ 60.
Kf3 Rb4 61. Bc4 Ra4 62. f5 Be8 63. Rc8 Bd7 64. Bg8+ Kh8 65. Rd8 Ba5 66. Rxd7
Kxg8 67. Ra7 Ra3 68. Ra8+ Kf7 69. Ke4 Bb4 70. Rh8 Bd6 71. Rxh5 Bxg3 72. Rh8 Ra4+
73. Kf3 Bxh4 74. Bc5 g5 75. Rh6 g4+ 76. Ke2 Bg5 77. Rh7+ Ke8 78. Re7+ Kd8 79.
Rg7 Rf4 80. Be3 Re4 81. Rxg5 fxg5 82. Kd3 Rf4 0-1

[Event "Titled Tue 1st Jul Late"]
[Site "chess.com INT"]
[Date "2025.07.01"]
[Round "11"]
[White "Manukyan, Sargis A."]
[Black "Povshednyi, Ivan"]
[Result "0-1"]
[WhiteTitle "FM"]
[BlackTitle "FM"]
[WhiteElo "2294"]
[BlackElo "2309"]
[WhiteFideId "13303970"]
[BlackFideId "14190907"]
[EventDate "2025.07.01"]

1. d4 d5 2. c4 e6 3. Nc3 a6 4. cxd5 exd5 5. Nf3 Nf6 6. Bg5 Be6 7. e3 Nbd7 8. Be2
Bd6 9. O-O c6 10. a3 a5 11. Rb1 h6 12. Bh4 O-O 13. b4 axb4 14. axb4 b5 15. e4
dxe4 16. Nxe4 Be7 17. Nc5 Nxc5 18. dxc5 Nd5 19. Bxe7 Qxe7 20. Qd2 Qf6 21. Qd4
Nf4 22. Rb2 Nxe2+ 23. Rxe2 Bc4 24. Qxf6 gxf6 25. Re4 Bxf1 26. Kxf1 Rfe8 27. Rg4+
Kf8 28. g3 Ra4 29. Rf4 Ke7 30. Nd4 Rc8 31. Nf5+ Kf8 32. Nd6 Rc7 33. g4 Re7 34.
Kg2 Re5 35. h3 Rxc5 36. Rxf6 Rd5 37. Nf5 Ke8 38. Rxc6 Rxb4 39. Rxh6 Rd2 40. Rb6
Rbb2 41. Kg3 Rxf2 42. Rxb5 Rg2+ 43. Kh4 Rxb5 44. Nd6+ Kf8 45. Nxb5 Rd2 46. Nc3
Rd3 47. Ne4 Kg7 48. Ng3 Ra3 49. Nh5+ Kg6 50. Nf4+ Kf6 51. Nh5+ Ke5 52. Ng3 f6
53. Nh5 Ra8 54. Kg3 Ra3+ 55. Kh4 Rb3 56. Ng7 Kf4 57. Nh5+ Ke5 58. Ng3 Rf3 59.
Nh5 Ra3 60. Ng3 Ra4 61. Kh5 Rf4 62. h4 Rf3 63. Nf5 Kf4 64. Nh6 Rh3 65. Ng8 Kg3
66. Nxf6 Rxh4+ 67. Kg5 Rh1 68. Ne4+ Kf3 69. Nf6 Ra1 70. Kg6 Kf4 71. g5 Ra6 72.
Kh6 Rb6 73. Kg6 Rb5 74. Nh5+ Kg4 75. Nf6+ Kh4 76. Nh7 Rb6+ 77. Kg7 Kh5 78. Kf7
Rb7+ 79. Kg8 Kg6 80. Nf8+ Kxg5 81. Ne6+ Kf6 82. Nc5 Rc7 83. Ne4+ Kg6 84. Kf8 Rh7
85. Ke8 Kf5 86. Nd6+ Ke6 87. Nf7 Rxf7 88. Kd8 Re7 89. Kc8 Rd7 90. Kb8 Kd6 91.
Kc8 Kc6 92. Kb8 Rc7 93. Ka8 Kb6 94. Kb8 Rc6 95. Ka8 Rc8# 0-1

[Event "Titled Tue 1st Jul Late"]
[Site "chess.com INT"]
[Date "2025.07.01"]
[Round "11"]
[White "Donoso Aguirre, Maximiliano"]
[Black "Volodin, Alexandr E."]
[Result "0-1"]
[WhiteTitle "CM"]
[BlackTitle "FM"]
[WhiteElo "2050"]
[BlackElo "2344"]
[WhiteFideId "3458920"]
[BlackFideId "34268871"]
[EventDate "2025.07.01"]

1. e4 c5 2. c3 d5 3. exd5 Nf6 4. Bb5+ Nbd7 5. d4 a6 6. Be2 Nxd5 7. Nf3 e6 8. O-O
Qc7 9. Nbd2 Be7 10. Ne4 O-O 11. Bg5 Bxg5 12. Nexg5 h6 13. Ne4 cxd4 14. Nxd4 N7f6
15. Nxf6+ Nxf6 16. Bf3 e5 17. Nb3 Be6 18. Re1 Rad8 19. Qe2 e4 20. Bxe4 Bxb3 21.
axb3 Rfe8 22. f3 Qb6+ 23. Qf2 Qxb3 24. Bc2 Qb5 25. Rxe8+ Qxe8 26. Rd1 Rxd1+ 27.
Bxd1 Qc6 28. Qd4 Nd7 29. Ba4 b5 30. Bc2 Qc5 31. Qxc5 Nxc5 32. Kf2 Kf8 33. Ke3
Ke7 34. Kd4 Kd6 35. c4 b4 36. b3 a5 37. f4 g6 38. g4 Ne6+ 39. Ke4 Ng7 40. Kd4
Ne6+ 41. Ke4 a4 42. bxa4 b3 43. Bb1 Nc5+ 44. Kd4 Nxa4 45. f5 g5 46. Be4 f6 47.
Bb1 Nc5 48. h3 Na4 49. Be4 Nc5 50. Bb1 Nd7 51. Kc3 Kc5 52. Kxb3 Ne5 53. Kc3 Nxc4
54. Ba2 Ne5 55. Be6 Nc6 56. Bg8 Kd6 57. Kc4 Ke5 58. Kd3 Nd4 59. Ke3 Nc2+ 60. Kf3
Kd4 61. Bb3 Ne1+ 62. Kf2 Nd3+ 63. Kf3 Ke5 64. Bg8 Nb4 65. Bf7 Nc6 66. Bg8 Nd4+
67. Kg3 Ke4 68. Ba2 Ke3 69. Bf7 Nb5 70. Be8 Nc3 71. Bf7 Ne2+ 72. Kg2 Kf4 73. Kf2
Nd4 74. Kg2 Nb5 75. Bb3 Nc3 76. Bf7 Ne2 77. Ba2 Nd4 78. Bg8 Nf3 79. Bd5 Nd4 80.
Bg8 Ke3 81. Ba2 Nc2 82. Kg3 Ne1 83. Bg8 Nf3 84. Ba2 Nd4 85. Bg8 Ke2 86. Bc4+ Ke1
87. Bf7 Kf1 88. Bg8 Kg1 89. Bc4 Nc6 90. Bd3 Ne5 91. Ba6 Kh1 92. Bb5 Kg1 93. Ba6
Nc6 94. Bb5 Nd4 95. Ba6 Nb3 96. Bc4 Nc5 97. Bb5 Ne4+ 98. Kf3 Nf2 99. Kg3 Nh1+
100. Kf3 Kh2 101. Bf1 Ng3 102. Kf2 Nxf1 0-1